Bayer Leverkusen Full Squads (2000-) - Statistics

General Stats
  • This quiz has been taken 436 times
    249 since last reset
  • The average score is 239 of 625
Answer Stats
Year # Pos/Country Answer % Correct
2019-2020 27 MF Florian Wirtz
96%
2020-2021 27 MF Florian Wirtz
96%
2021-2022 27 MF Florian Wirtz
96%
2022-2023 27 MF Florian Wirtz
96%
2023-2024 10 MF Florian Wirtz
96%
2024-2025 10 MF Florian Wirtz
96%
2018-2019 1 GK Lukas Hradecky
94%
2019-2020 1 GK Lukas Hradecky
94%
2020-2021 1 GK Lukas Hradecky
94%
2021-2022 1 GK Lukas Hradecky
94%
2022-2023 1 GK Lukas Hradecky
94%
2023-2024 1 GK Lukas Hradecky
94%
2024-2025 1 GK Lukas Hradecky
94%
2015-2016 4 DF Jonathan Tah
93%
2016-2017 4 DF Jonathan Tah
93%
2017-2018 4 DF Jonathan Tah
93%
2018-2019 4 DF Jonathan Tah
93%
2019-2020 4 DF Jonathan Tah
93%
2020-2021 4 DF Jonathan Tah
93%
2021-2022 4 DF Jonathan Tah
93%
2022-2023 4 DF Jonathan Tah
93%
2023-2024 4 DF Jonathan Tah
93%
2024-2025 4 DF Jonathan Tah
93%
2020-2021 14 FW Patrik Schick
92%
2021-2022 14 FW Patrik Schick
92%
2022-2023 14 FW Patrik Schick
92%
2023-2024 14 FW Patrik Schick
92%
2024-2025 14 FW Patrik Schick
92%
2023-2024 20 DF Alejandro Grimaldo
85%
2024-2025 20 DF Alejandro Grimaldo
85%
2019-2020 12 DF Edmond Tapsoba
83%
2020-2021 12 DF Edmond Tapsoba
83%
2021-2022 12 DF Edmond Tapsoba
83%
2022-2023 12 DF Edmond Tapsoba
83%
2023-2024 12 DF Edmond Tapsoba
83%
2024-2025 12 DF Edmond Tapsoba
83%
2023-2024 34 MF Granit Xhaka
83%
2024-2025 34 MF Granit Xhaka
83%
2020-2021 30 MF Jeremie Frimpong
83%
2021-2022 30 MF Jeremie Frimpong
83%
2022-2023 30 MF Jeremie Frimpong
83%
2023-2024 30 MF Jeremie Frimpong
83%
2024-2025 30 MF Jeremie Frimpong
83%
2021-2022 33 DF Piero Hincapié
82%
2022-2023 3 DF Piero Hincapié
82%
2023-2024 3 DF Piero Hincapié
82%
2024-2025 3 DF Piero Hincapié
82%
2013-2014 7 FW Heung-min Son
80%
2014-2015 7 FW Heung-min Son
80%
2015-2016 7 FW Heung-min Son
80%
2023-2024 22 FW Victor Boniface
80%
2024-2025 22 FW Victor Boniface
80%
2019-2020 25 MF Exequiel Palacios
78%
2020-2021 25 MF Exequiel Palacios
78%
2021-2022 25 MF Exequiel Palacios
78%
2022-2023 25 MF Exequiel Palacios
78%
2023-2024 25 MF Exequiel Palacios
78%
2024-2025 25 MF Exequiel Palacios
78%
2016-2017 9 FW Leon Bailey
77%
2017-2018 9 FW Leon Bailey
77%
2018-2019 9 FW Leon Bailey
77%
2019-2020 9 FW Leon Bailey
77%
2020-2021 9 FW Leon Bailey
77%
2021-2022 8 MF Robert Andrich
73%
2022-2023 8 MF Robert Andrich
73%
2023-2024 8 MF Robert Andrich
73%
2024-2025 8 MF Robert Andrich
73%
2010-2011 17 DF Domagoj Vida
71%
2011-2012 1 GK Bernd Leno
70%
2012-2013 1 GK Bernd Leno
70%
2013-2014 1 GK Bernd Leno
70%
2014-2015 1 GK Bernd Leno
70%
2015-2016 1 GK Bernd Leno
70%
2016-2017 1 GK Bernd Leno
70%
2017-2018 1 GK Bernd Leno
70%
2016-2017 29 FW Kai Havertz
69%
2017-2018 29 FW Kai Havertz
69%
2018-2019 29 FW Kai Havertz
69%
2019-2020 29 FW Kai Havertz
69%
2021-2022 6 DF Odilon Kossounou
69%
2022-2023 6 DF Odilon Kossounou
69%
2023-2024 6 DF Odilon Kossounou
69%
2015-2016 20 MF Charles Aránguiz
67%
2016-2017 20 MF Charles Aránguiz
67%
2017-2018 20 MF Charles Aránguiz
67%
2018-2019 20 MF Charles Aránguiz
67%
2019-2020 20 MF Charles Aránguiz
67%
2020-2021 20 MF Charles Aránguiz
67%
2021-2022 20 MF Charles Aránguiz
67%
2022-2023 20 MF Charles Aránguiz
67%
2014-2015 10 MF Hakan Çalhanoğlu
66%
2015-2016 10 MF Hakan Çalhanoğlu
66%
2016-2017 10 MF Hakan Çalhanoğlu
66%
2000-2001 13 MF Michael Ballack
66%
2001-2002 13 MF Michael Ballack
66%
2010-2011 13 MF Michael Ballack
66%
2011-2012 13 MF Michael Ballack
66%
2019-2020 19 FW Moussa Diaby
66%
2020-2021 19 FW Moussa Diaby
66%
2021-2022 19 FW Moussa Diaby
66%
2022-2023 19 FW Moussa Diaby
66%
2006-2007 11 FW Stefan Kießling
65%
2007-2008 11 FW Stefan Kießling
65%
2008-2009 11 FW Stefan Kießling
65%
2009-2010 11 FW Stefan Kießling
65%
2010-2011 11 FW Stefan Kießling
65%
2011-2012 11 FW Stefan Kießling
65%
2012-2013 11 FW Stefan Kießling
65%
2013-2014 11 FW Stefan Kießling
65%
2014-2015 11 FW Stefan Kießling
65%
2015-2016 11 FW Stefan Kießling
65%
2016-2017 11 FW Stefan Kießling
65%
2017-2018 11 FW Stefan Kießling
65%
2024-2025 24 MF Aleix García
64%
2000-2001 14 DF Torben Hoffmann
64%
2023-2024 19 MF Nathan Tella
62%
2024-2025 19 MF Nathan Tella
62%
2015-2016 7 FW Chicharito
61%
2016-2017 7 FW Chicharito
61%
2000-2001 12 FW Dimitar Berbatov
61%
2001-2002 12 FW Dimitar Berbatov
61%
2002-2003 12 FW Dimitar Berbatov
61%
2003-2004 9 FW Dimitar Berbatov
61%
2004-2005 9 FW Dimitar Berbatov
61%
2005-2006 9 FW Dimitar Berbatov
61%
2009-2010 8 MF Lars Bender
60%
2010-2011 8 MF Lars Bender
60%
2011-2012 8 MF Lars Bender
60%
2012-2013 8 MF Lars Bender
60%
2013-2014 8 MF Lars Bender
60%
2014-2015 8 MF Lars Bender
60%
2015-2016 8 MF Lars Bender
60%
2016-2017 8 MF Lars Bender
60%
2017-2018 8 MF Lars Bender
60%
2018-2019 8 MF Lars Bender
60%
2019-2020 8 MF Lars Bender
60%
2020-2021 8 MF Lars Bender
60%
2000-2001 2 DF Lúcio
60%
2001-2002 19 DF Lúcio
60%
2002-2003 3 DF Lúcio
60%
2003-2004 3 DF Lúcio
60%
2017-2018 5 MF Sven Bender
60%
2018-2019 5 MF Sven Bender
60%
2019-2020 5 MF Sven Bender
60%
2020-2021 5 MF Sven Bender
60%
2021-2022 31 FW Amine Adli
59%
2022-2023 21 FW Amine Adli
59%
2023-2024 21 FW Amine Adli
59%
2024-2025 21 FW Amine Adli
59%
2007-2008 23 MF Arturo Vidal
59%
2008-2009 23 MF Arturo Vidal
59%
2009-2010 23 MF Arturo Vidal
59%
2010-2011 23 MF Arturo Vidal
59%
2023-2024 17 GK Matej Kovar
58%
2024-2025 17 GK Matej Kovar
58%
2013-2014 19 MF Julian Brandt
56%
2014-2015 19 MF Julian Brandt
56%
2015-2016 19 MF Julian Brandt
56%
2016-2017 19 MF Julian Brandt
56%
2017-2018 10 MF Julian Brandt
56%
2018-2019 10 MF Julian Brandt
56%
2011-2012 38 FW Karim Bellarabi
56%
2012-2013 38 FW Karim Bellarabi
56%
2014-2015 38 FW Karim Bellarabi
56%
2015-2016 38 FW Karim Bellarabi
56%
2016-2017 38 FW Karim Bellarabi
56%
2017-2018 38 FW Karim Bellarabi
56%
2018-2019 38 FW Karim Bellarabi
56%
2019-2020 38 FW Karim Bellarabi
56%
2020-2021 38 FW Karim Bellarabi
56%
2021-2022 38 FW Karim Bellarabi
56%
2022-2023 38 FW Karim Bellarabi
56%
2023-2024 7 MF Jonas Hofmann
55%
2024-2025 7 MF Jonas Hofmann
55%
2021-2022 9 FW Sardar Azmoun
55%
2022-2023 9 FW Sardar Azmoun
55%
2014-2015 18 DF Wendell
55%
2015-2016 18 DF Wendell
55%
2016-2017 18 DF Wendell
55%
2017-2018 18 DF Wendell
55%
2018-2019 18 DF Wendell
55%
2019-2020 18 DF Wendell
55%
2020-2021 18 DF Wendell
55%
2011-2012 21 DF Ömer Toprak
54%
2012-2013 21 DF Ömer Toprak
54%
2013-2014 21 DF Ömer Toprak
54%
2014-2015 21 DF Ömer Toprak
54%
2015-2016 21 DF Ömer Toprak
54%
2016-2017 21 DF Ömer Toprak
54%
2023-2024 2 DF Josip Stanisic
52%
2022-2023 23 FW Adam Hlozek
51%
2023-2024 23 FW Adam Hlozek
51%
2001-2002 1 GK Hans Jörg Butt
50%
2002-2003 1 GK Hans Jörg Butt
50%
2003-2004 1 GK Hans Jörg Butt
50%
2004-2005 1 GK Hans Jörg Butt
50%
2005-2006 1 GK Hans Jörg Butt
50%
2006-2007 1 GK Hans Jörg Butt
50%
2019-2020 10 MF Kerem Demirbay
50%
2020-2021 10 MF Kerem Demirbay
50%
2021-2022 10 MF Kerem Demirbay
50%
2022-2023 10 MF Kerem Demirbay
50%
2010-2011 26 MF Kevin Kampl
50%
2015-2016 44 MF Kevin Kampl
50%
2016-2017 44 MF Kevin Kampl
50%
2017-2018 44 MF Kevin Kampl
50%
2021-2022 5 DF Mitchel Bakker
50%
2022-2023 5 DF Mitchel Bakker
50%
2009-2010 4 DF Sami Hyypiä
50%
2010-2011 4 DF Sami Hyypiä
50%
2008-2009 39 MF Toni Kroos
50%
2009-2010 39 MF Toni Kroos
50%
2000-2001 8 MF Zé Roberto
50%
2001-2002 8 MF Zé Roberto
50%
2016-2017 15 MF Julian Baumgartlinger
49%
2017-2018 15 MF Julian Baumgartlinger
49%
2018-2019 15 MF Julian Baumgartlinger
49%
2019-2020 15 MF Julian Baumgartlinger
49%
2020-2021 15 MF Julian Baumgartlinger
49%
2005-2006 6 MF Simon Rolfes
47%
2006-2007 6 MF Simon Rolfes
47%
2007-2008 6 MF Simon Rolfes
47%
2008-2009 6 MF Simon Rolfes
47%
2009-2010 6 MF Simon Rolfes
47%
2010-2011 6 MF Simon Rolfes
47%
2011-2012 6 MF Simon Rolfes
47%
2012-2013 6 MF Simon Rolfes
47%
2013-2014 6 MF Simon Rolfes
47%
2014-2015 6 MF Simon Rolfes
47%
2016-2017 17 FW Joel Pohjanpalo
46%
2017-2018 17 FW Joel Pohjanpalo
46%
2022-2023 17 FW Joel Pohjanpalo
46%
2018-2019 7 FW Paulinho
46%
2019-2020 7 FW Paulinho
46%
2021-2022 7 FW Paulinho
46%
2022-2023 7 FW Paulinho
46%
2024-2025 11 FW Martin Terrier
45%
2016-2017 31 FW Kevin Volland
44%
2017-2018 31 FW Kevin Volland
44%
2018-2019 31 FW Kevin Volland
44%
2019-2020 31 FW Kevin Volland
44%
2017-2018 13 FW Lucas Alario
44%
2018-2019 13 FW Lucas Alario
44%
2019-2020 13 FW Lucas Alario
44%
2020-2021 13 FW Lucas Alario
44%
2021-2022 13 FW Lucas Alario
44%
2014-2015 14 DF Kyriakos Papadopoulos
43%
2015-2016 5 DF Kyriakos Papadopoulos
43%
2016-2017 6 DF Aleksandar Dragovic
42%
2017-2018 6 DF Aleksandar Dragovic
42%
2018-2019 6 DF Aleksandar Dragovic
42%
2019-2020 6 DF Aleksandar Dragovic
42%
2020-2021 6 DF Aleksandar Dragovic
42%
2003-2004 36 GK René Adler
42%
2006-2007 22 GK René Adler
42%
2007-2008 1 GK René Adler
42%
2008-2009 1 GK René Adler
42%
2009-2010 1 GK René Adler
42%
2010-2011 1 GK René Adler
42%
2010-2011 18 FW Sidney Sam
42%
2011-2012 18 FW Sidney Sam
42%
2012-2013 18 FW Sidney Sam
42%
2013-2014 18 FW Sidney Sam
42%
2014-2015 16 DF Tin Jedvaj
42%
2015-2016 16 DF Tin Jedvaj
42%
2016-2017 16 DF Tin Jedvaj
42%
2017-2018 16 DF Tin Jedvaj
42%
2018-2019 16 DF Tin Jedvaj
42%
2020-2021 16 DF Tin Jedvaj
42%
2019-2020 11 MF Nadiem Amiri
41%
2020-2021 11 MF Nadiem Amiri
41%
2021-2022 11 MF Nadiem Amiri
41%
2022-2023 11 MF Nadiem Amiri
41%
2023-2024 11 MF Nadiem Amiri
41%
2005-2006 7 MF Tranquillo Barnetta
41%
2006-2007 7 MF Tranquillo Barnetta
41%
2007-2008 7 MF Tranquillo Barnetta
41%
2008-2009 7 MF Tranquillo Barnetta
41%
2009-2010 7 MF Tranquillo Barnetta
41%
2010-2011 7 MF Tranquillo Barnetta
41%
2011-2012 7 MF Tranquillo Barnetta
41%
2023-2024 13 DF Arthur
40%
2024-2025 13 DF Arthur
40%
2023-2024 9 FW Borja Iglesias
40%
2022-2023 17 FW Callum Hudson-Odoi
40%
2000-2001 25 MF Bernd Schneider
39%
2001-2002 25 MF Bernd Schneider
39%
2002-2003 25 MF Bernd Schneider
39%
2003-2004 25 MF Bernd Schneider
39%
2004-2005 25 MF Bernd Schneider
39%
2005-2006 25 MF Bernd Schneider
39%
2006-2007 25 MF Bernd Schneider
39%
2007-2008 25 MF Bernd Schneider
39%
2008-2009 25 MF Bernd Schneider
39%
2000-2001 19 DF Robert Kovac
39%
2012-2013 20 DF Daniel Carvajal
38%
2020-2021 24 DF Timothy Fosu-Mensah
37%
2021-2022 24 DF Timothy Fosu-Mensah
37%
2022-2023 24 DF Timothy Fosu-Mensah
37%
2004-2005 12 FW Andriy Voronin
36%
2005-2006 12 FW Andriy Voronin
36%
2006-2007 12 FW Andriy Voronin
36%
2013-2014 5 DF Emir Spahic
36%
2014-2015 5 DF Emir Spahic
36%
2009-2010 19 FW Eren Derdiyok
36%
2010-2011 19 FW Eren Derdiyok
36%
2011-2012 19 FW Eren Derdiyok
36%
2013-2014 9 FW Eren Derdiyok
36%
2004-2005 27 MF Gonzalo Castro
36%
2005-2006 27 MF Gonzalo Castro
36%
2006-2007 27 MF Gonzalo Castro
36%
2007-2008 27 MF Gonzalo Castro
36%
2008-2009 27 MF Gonzalo Castro
36%
2009-2010 27 MF Gonzalo Castro
36%
2010-2011 27 MF Gonzalo Castro
36%
2011-2012 27 MF Gonzalo Castro
36%
2012-2013 27 MF Gonzalo Castro
36%
2013-2014 27 MF Gonzalo Castro
36%
2014-2015 27 MF Gonzalo Castro
36%
2015-2016 14 FW Admir Mehmedi
35%
2016-2017 14 FW Admir Mehmedi
35%
2017-2018 14 FW Admir Mehmedi
35%
2024-2025 23 DF Nordi Mukiele
35%
2019-2020 22 DF Daley Sinkgraven
34%
2020-2021 22 DF Daley Sinkgraven
34%
2021-2022 22 DF Daley Sinkgraven
34%
2022-2023 22 DF Daley Sinkgraven
34%
2011-2012 9 FW André Schürrle
32%
2012-2013 9 FW André Schürrle
32%
2002-2003 4 DF Juan
32%
2003-2004 4 DF Juan
32%
2004-2005 4 DF Juan
32%
2005-2006 4 DF Juan
32%
2006-2007 4 DF Juan
32%
2024-2025 5 DF Mario Hermoso
32%
2017-2018 36 GK Niklas Lomb
32%
2020-2021 36 GK Niklas Lomb
32%
2023-2024 36 GK Niklas Lomb
32%
2000-2001 27 FW Oliver Neuville
32%
2001-2002 27 FW Oliver Neuville
32%
2002-2003 27 FW Oliver Neuville
32%
2003-2004 27 FW Oliver Neuville
32%
2017-2018 3 DF Panagiotis Retsos
32%
2018-2019 3 DF Panagiotis Retsos
32%
2019-2020 3 DF Panagiotis Retsos
32%
2021-2022 3 DF Panagiotis Retsos
32%
2007-2008 10 FW Theofanis Gekas
32%
2008-2009 10 FW Theofanis Gekas
32%
2009-2010 21 FW Theofanis Gekas
32%
2024-2025 16 MF Emiliano Buendía
31%
2013-2014 10 MF Emre Can
31%
2013-2014 26 DF Giulio Donati
31%
2014-2015 26 DF Giulio Donati
31%
2015-2016 26 DF Giulio Donati
31%
2009-2010 3 MF Stefan Reinartz
31%
2010-2011 3 MF Stefan Reinartz
31%
2011-2012 3 MF Stefan Reinartz
31%
2012-2013 3 MF Stefan Reinartz
31%
2013-2014 3 MF Stefan Reinartz
31%
2014-2015 3 MF Stefan Reinartz
31%
2008-2009 8 MF Renato Augusto
30%
2009-2010 10 MF Renato Augusto
30%
2010-2011 10 MF Renato Augusto
30%
2011-2012 10 MF Renato Augusto
30%
2012-2013 10 MF Renato Augusto
30%
2000-2001 28 MF Carsten Ramelow
28%
2001-2002 28 MF Carsten Ramelow
28%
2002-2003 28 MF Carsten Ramelow
28%
2003-2004 28 MF Carsten Ramelow
28%
2004-2005 28 MF Carsten Ramelow
28%
2005-2006 28 MF Carsten Ramelow
28%
2006-2007 28 MF Carsten Ramelow
28%
2007-2008 28 MF Carsten Ramelow
28%
2007-2008 5 DF Manuel Friedrich
28%
2008-2009 5 DF Manuel Friedrich
28%
2009-2010 5 DF Manuel Friedrich
28%
2010-2011 5 DF Manuel Friedrich
28%
2011-2012 5 DF Manuel Friedrich
28%
2012-2013 5 DF Manuel Friedrich
28%
2008-2009 24 DF Michal Kadlec
28%
2009-2010 24 DF Michal Kadlec
28%
2010-2011 24 DF Michal Kadlec
28%
2011-2012 24 DF Michal Kadlec
28%
2012-2013 24 DF Michal Kadlec
28%
2012-2013 17 DF Sebastian Boenisch
28%
2013-2014 17 DF Sebastian Boenisch
28%
2014-2015 17 DF Sebastian Boenisch
28%
2015-2016 17 DF Sebastian Boenisch
28%
2000-2001 9 FW Ulf Kirsten
28%
2001-2002 9 FW Ulf Kirsten
28%
2013-2014 23 FW Robbie Kruse
26%
2014-2015 23 FW Robbie Kruse
26%
2015-2016 27 FW Robbie Kruse
26%
2001-2002 10 MF Yıldıray Baştürk
26%
2002-2003 10 MF Yıldıray Baştürk
26%
2003-2004 10 MF Yıldıray Baştürk
26%
2015-2016 39 DF Benjamin Henrichs
24%
2016-2017 39 DF Benjamin Henrichs
24%
2017-2018 39 DF Benjamin Henrichs
24%
2018-2019 39 DF Benjamin Henrichs
24%
2014-2015 9 FW Josip Drmic
24%
2021-2022 40 GK Andrey Lunev
23%
2022-2023 40 GK Andrey Lunev
23%
2012-2013 16 FW Arkadiusz Milik
23%
2015-2016 23 MF Christoph Kramer
23%
2024-2025 44 DF Jeanuël Belocian
23%
2018-2019 23 DF Mitchell Weiser
23%
2019-2020 23 DF Mitchell Weiser
23%
2008-2009 9 FW Patrick Helmes
23%
2009-2010 9 FW Patrick Helmes
23%
2010-2011 9 FW Patrick Helmes
23%
2000-2001 35 DF Diego Placente
22%
2001-2002 35 DF Diego Placente
22%
2002-2003 35 DF Diego Placente
22%
2003-2004 35 DF Diego Placente
22%
2004-2005 35 DF Diego Placente
22%
2000-2001 5 DF Jens Nowotny
22%
2001-2002 5 DF Jens Nowotny
22%
2003-2004 5 DF Jens Nowotny
22%
2004-2005 5 DF Jens Nowotny
22%
2005-2006 5 DF Jens Nowotny
22%
2016-2017 28 GK Ramazan Özcan
22%
2017-2018 28 GK Ramazan Özcan
22%
2018-2019 28 GK Ramazan Özcan
22%
2019-2020 28 GK Ramazan Özcan
22%
2008-2009 29 FW Angelos Charisteas
21%
2020-2021 28 FW Demarai Gray
21%
2012-2013 4 DF Philipp Wollscheid
20%
2013-2014 4 DF Philipp Wollscheid
20%
2004-2005 3 DF Roque Júnior
20%
2005-2006 3 DF Roque Júnior
20%
2006-2007 3 DF Roque Júnior
20%
2003-2004 18 FW Kenan Sahin
19%
2023-2024 18 MF Noah Mbamba
19%
2006-2007 9 FW Sergej Barbarez
19%
2007-2008 36 FW Sergej Barbarez
19%
2013-2014 20 MF Andrés Guardado
18%
2012-2013 31 MF Dominik Kohr
18%
2013-2014 31 MF Dominik Kohr
18%
2017-2018 21 MF Dominik Kohr
18%
2018-2019 21 MF Dominik Kohr
18%
2007-2008 45 MF Jens Hegeler
18%
2008-2009 45 MF Jens Hegeler
18%
2012-2013 13 MF Jens Hegeler
18%
2013-2014 13 MF Jens Hegeler
18%
2013-2014 14 DF Roberto Hilbert
18%
2014-2015 13 DF Roberto Hilbert
18%
2015-2016 13 DF Roberto Hilbert
18%
2016-2017 13 DF Roberto Hilbert
18%
2011-2012 14 DF Vedran Corluka
18%
2006-2007 5 DF Karim Haggui
17%
2007-2008 2 DF Karim Haggui
17%
2008-2009 2 DF Karim Haggui
17%
2004-2005 23 FW Landon Donovan
17%
2020-2021 21 GK Lennart Grill
17%
2021-2022 21 GK Lennart Grill
17%
2006-2007 20 GK Benedikt Fernandez
16%
2007-2008 22 GK Benedikt Fernandez
16%
2008-2009 22 GK Benedikt Fernandez
16%
2010-2011 22 GK Benedikt Fernandez
16%
2009-2010 2 DF Daniel Schwaab
16%
2010-2011 2 DF Daniel Schwaab
16%
2011-2012 2 DF Daniel Schwaab
16%
2012-2013 2 DF Daniel Schwaab
16%
2011-2012 22 GK David Yelldell
16%
2014-2015 22 GK David Yelldell
16%
2023-2024 32 MF Gustavo Puerta
16%
2014-2015 35 MF Vladlen Yurchenko
16%
2015-2016 35 MF Vladlen Yurchenko
16%
2016-2017 35 MF Vladlen Yurchenko
16%
2006-2007 24 DF Assimiou Touré
15%
2009-2010 26 DF Assimiou Touré
15%
2010-2011 20 DF Danny da Costa
15%
2011-2012 20 DF Danny da Costa
15%
2016-2017 23 DF Danny da Costa
15%
2012-2013 14 MF Hajime Hosogai
15%
2018-2019 11 FW Isaac Kiese Thelin
15%
2012-2013 7 FW Junior Fernandes
15%
2015-2016 2 DF André Ramalho
14%
2017-2018 2 DF André Ramalho
14%
2007-2008 15 DF Hans Sarpei
14%
2008-2009 15 DF Hans Sarpei
14%
2009-2010 15 DF Hans Sarpei
14%
2004-2005 10 MF Paul Freier
14%
2005-2006 10 MF Paul Freier
14%
2006-2007 10 MF Paul Freier
14%
2007-2008 8 MF Paul Freier
14%
2004-2005 16 MF Jacek Krzynowek
13%
2005-2006 8 MF Jacek Krzynowek
13%
2001-2002 3 MF Marko Babic
13%
2002-2003 18 MF Marko Babic
13%
2003-2004 19 MF Marko Babic
13%
2004-2005 19 MF Marko Babic
13%
2005-2006 19 MF Marko Babic
13%
2006-2007 19 MF Marko Babic
13%
2024-2025 29 FW Artem Stepanov
12%
2000-2001 6 DF Boris Zivkovic
12%
2001-2002 6 DF Boris Zivkovic
12%
2002-2003 6 DF Boris Zivkovic
12%
2003-2004 17 DF Clemens Fritz
12%
2004-2005 17 DF Clemens Fritz
12%
2005-2006 17 DF Clemens Fritz
12%
2002-2003 11 FW França
12%
2003-2004 11 FW França
12%
2004-2005 11 FW França
12%
2005-2006 11 FW França
12%
2004-2005 8 MF Jermaine Jones
12%
2012-2013 33 GK Michael Rensing
11%
2000-2001 23 FW Thomas Brdaric
11%
2001-2002 23 FW Thomas Brdaric
11%
2002-2003 23 FW Thomas Brdaric
11%
2003-2004 31 GK Tom Starke
11%
2004-2005 20 GK Tom Starke
11%
2005-2006 20 GK Tom Starke
11%
2013-2014 2 DF Konstantinos Stafylidis
10%
2006-2007 32 MF Pierre De Wit
10%
2004-2005 26 MF Sascha Dum
10%
2005-2006 26 MF Sascha Dum
10%
2007-2008 14 MF Sascha Dum
10%
2008-2009 14 MF Sascha Dum
10%
2000-2001 1 GK Adam Matysek
9%
2002-2003 7 DF Cris
9%
2001-2002 24 DF Emanuel Pogatetz
9%
2024-2025 40 MF Francis Onyeka
9%
2002-2003 14 MF Hanno Balitsch
9%
2003-2004 14 MF Hanno Balitsch
9%
2004-2005 14 MF Hanno Balitsch
9%
2010-2011 14 MF Hanno Balitsch
9%
2011-2012 14 MF Hanno Balitsch
9%
2013-2014 15 FW Levin Öztunali
9%
2014-2015 15 FW Levin Öztunali
9%
2015-2016 37 MF Marlon Frey
9%
2000-2001 11 FW Paulo Rink
9%
2001-2002 11 FW Paulo Rink
9%
2006-2007 16 MF Pirmin Schwegler
9%
2007-2008 16 MF Pirmin Schwegler
9%
2008-2009 16 MF Pirmin Schwegler
9%
2001-2002 26 DF Zoltan Sebescen
9%
2002-2003 26 DF Zoltan Sebescen
9%
2011-2012 4 DF Bastian Oczipka
8%
2002-2003 13 MF Daniel Bierofka
8%
2003-2004 13 MF Daniel Bierofka
8%
2004-2005 13 MF Daniel Bierofka
8%
2005-2006 26 FW Michal Papadopulos
8%
2006-2007 26 FW Michal Papadopulos
8%
2007-2008 26 FW Michal Papadopulos
8%
2000-2001 19 DF Vratislav Gresko
8%
2007-2008 17 DF Vratislav Gresko
8%
2005-2006 23 DF Ahmed Madouni
7%
2006-2007 23 DF Ahmed Madouni
7%
2008-2009 18 DF Constant Djakpa
7%
2003-2004 29 DF Jan-Ingwer Callsen-Bracker
7%
2004-2005 29 DF Jan-Ingwer Callsen-Bracker
7%
2005-2006 29 DF Jan-Ingwer Callsen-Bracker
7%
2006-2007 29 DF Jan-Ingwer Callsen-Bracker
7%
2007-2008 29 DF Jan-Ingwer Callsen-Bracker
7%
2002-2003 8 MF Jan Simak
7%
2000-2001 15 MF Jurica Vranjes
7%
2001-2002 15 MF Jurica Vranjes
7%
2002-2003 15 MF Jurica Vranjes
7%
2007-2008 20 MF Lukas Sinkiewicz
7%
2008-2009 20 MF Lukas Sinkiewicz
7%
2009-2010 20 MF Lukas Sinkiewicz
7%
2011-2012 17 MF Michael Ortega
7%
2010-2011 31 FW Nicolai Jørgensen
7%
2011-2012 31 FW Nicolai Jørgensen
7%
2000-2001 22 GK Pascal Zuberbühler
7%
2000-2001 7 MF Robson Ponté
7%
2003-2004 7 MF Robson Ponté
7%
2004-2005 7 MF Robson Ponté
7%
2018-2019 30 MF Sam Schreck
7%
2013-2014 24 MF Seung-woo Ryu
7%
2012-2013 37 FW Tobias Steffen
7%
2001-2002 33 MF Anel Dzaka
6%
2009-2010 36 GK Fabian Giefer
6%
2010-2011 36 GK Fabian Giefer
6%
2011-2012 36 GK Fabian Giefer
6%
2008-2009 3 DF Henrique
6%
2000-2001 17 MF Pascal Ojigwe
6%
2001-2002 17 MF Pascal Ojigwe
6%
2002-2003 17 MF Pascal Ojigwe
6%
2002-2003 21 MF Radoslaw Kaluzny
6%
2003-2004 21 MF Radoslaw Kaluzny
6%
2004-2005 21 MF Radoslaw Kaluzny
6%
2003-2004 6 DF Teddy Lucic
6%
2004-2005 6 DF Teddy Lucic
6%
2009-2010 26 MF Thanos Petsos
6%
2009-2010 21 GK Tomasz Bobel
6%
2008-2009 19 MF Tomasz Zdebel
6%
2009-2010 18 MF Tomasz Zdebel
6%
2019-2020 30 MF Adrian Stanilewicz
5%
2000-2001 16 MF Andreas Neuendorf
5%
2005-2006 13 DF Athirson
5%
2006-2007 13 DF Athirson
5%
2009-2010 28 MF Burak Kaplan
5%
2010-2011 28 MF Burak Kaplan
5%
2002-2003 2 MF Christoph Preuß
5%
2014-2015 25 GK Dario Kresic
5%
2000-2001 18 DF Frankie Hejduk
5%
2000-2001 20 GK Frank Juric
5%
2001-2002 20 GK Frank Juric
5%
2002-2003 20 GK Frank Juric
5%
2003-2004 20 GK Frank Juric
5%
2005-2006 2 DF Fredrik Stenman
5%
2006-2007 2 DF Fredrik Stenman
5%
2003-2004 16 MF Ioannis Masmanidis
5%
2000-2001 4 MF Jörg Reeb
5%
2007-2008 19 MF Marcel Risse
5%
2001-2002 30 FW Markus Daun
5%
2008-2009 51 FW Richard Sukuta-Pasu
5%
2002-2003 57 FW Sebastian Schoof
5%
2001-2002 47 DF Thomas Kleine
5%
2002-2003 47 DF Thomas Kleine
5%
2018-2019 24 GK Thorsten Kirschbaum
5%
2012-2013 23 MF Carlinhos
4%
2005-2006 11 FW Danko Lazovic
4%
2007-2008 13 FW Dmitriy Bulykin
4%
2006-2007 34 GK Erik Domaschke
4%
2003-2004 15 DF Ingo Hertzsch
4%
2018-2019 32 DF Jakub Bednarczyk
4%
2005-2006 14 FW Josip Tadic
4%
2014-2015 33 DF Lukas Boeder
4%
2007-2008 4 MF Ricardo Faty
4%
2001-2002 0 MF Thorsten Wittek
4%
2013-2014 37 MF Maximilian Wagener
1%
No matching quizzes found
Score Distribution
Percent of People with Each Score
Percentile by Number Answered
Your Score History
You have not taken this quiz since the last reset